[Event "TUR-chT"]
[Site "Kocaeli"]
[Date "2015.08.07"]
[Round "4.4"]
[White "Haznedaroglu, Kivanc"]
[Black "Ahmetoglu, Ziya"]
[Result "1-0"]
[WhiteElo "2451"]
[BlackElo "1943"]
[PlyCount "85"]
[EventDate "2015.08.04"]
[EventType "team-tourn"]
[EventRounds "13"]
[EventCountry "TUR"]
[SourceTitle "CBM 167 Extra"]
[Source "ChessBase"]
[SourceDate "2015.09.14"]
[SourceVersion "1"]
[SourceVersionDate "2015.09.14"]
[SourceQuality "1"]
[WhiteTeam "Alyans Satranc"]
[BlackTeam "Ankara Demirspor"]
[WhiteTeamCountry "TUR"]
[BlackTeamCountry "TUR"]

1. d4 Nf6 2. Nf3 e6 3. c4 d5 4. Nc3 Be7 5. Bf4 c6 6. e3 Nbd7 7. cxd5 exd5 8. Bd3 0-0 9. 0-0 Re8 10. Qc2 Nf8 11. Rab1 Ng6 12. Bg3 Bd6 13. b4 a6 14. a4 Qe7 15. b5 axb5 16. axb5 Bd7 17. bxc6 Bxc6 18. Bxd6 Qxd6 19. Bxg6 hxg6 20. Ne5 Nd7 21. Nd3 Ra5 22. Rfc1 Rea8 23. Qb3 Kf8 24. Nb4 Kg8 25. Qd1 Nf6 26. Qf3 Rc8 27. Nd3 Nd7 28. h4 Rca8 29. g4 Qf6 30. Qxf6 gxf6 31. Kg2 Kf8 32. Nb4 Ke7 33. Ne2 Kd6 34. Nf4 g5 35. Nh5 Rb5 36. Ng3 gxh4 37. Nf5+ Kc7 38. Ne7 Kd6 39. Nf5+ Kc7 40. Rb3 Ra4 41. Nxc6 Rxb3 42. Na5+ Rc4 43. Nxb3 1-0

[Event "TUR-chT"]
[Site "Kocaeli"]
[Date "2015.08.04"]
[Round "1.3"]
[White "Harikrishna, Pentala"]
[Black "Ahmetoglu, Ziya"]
[Result "1-0"]
[WhiteElo "2740"]
[BlackElo "1943"]
[PlyCount "43"]
[EventDate "2015.08.04"]
[EventType "team-tourn"]
[EventRounds "13"]
[EventCountry "TUR"]
[SourceTitle "CBM 167 Extra"]
[Source "ChessBase"]
[SourceDate "2015.09.14"]
[SourceVersion "1"]
[SourceVersionDate "2015.09.14"]
[SourceQuality "1"]
[WhiteTeam "Istanbul Teknik Uni"]
[BlackTeam "Ankara Demirspor"]
[WhiteTeamCountry "TUR"]
[BlackTeamCountry "TUR"]

1. d4 Nf6 2. c4 e5 3. dxe5 Ne4 4. Nf3 Nc6 5. a3 d6 6. Qc2 Nc5 7. b4 Ne6 8. exd6 Bxd6 9. Bb2 0-0 10. e3 a5 11. c5 Be7 12. b5 Nb8 13. Nc3 Nxc5 14. Rd1 Bd6 15. h4 Qf6 16. Na4 Qg6 17. Qxg6 hxg6 18. Nxc5 Bxc5 19. h5 Be6 20. hxg6 f6 21. Rh5 Bd6 22. Nd4 1-0